000 00319nam a2200133Ia 4500
008 220204s9999 xx 000 0 und d
082 _a621.9
_bPAN
100 _aPanda, N C
245 0 _aElements of machine design
260 _aAnand
_bCharotar Book
650 _aMachine design
700 _aShah, C S
942 _cBK
999 _c23065
_d23065